Tous les symboles au Dobble - Statistiques

Statistiques générales
  • Ce quiz a été pris 108 fois
  • Le résultat moyen est 20 sur 57
Statistiques - réponses
Indice Symbole % Correct
Fruit Pomme
67%
Transport Voiture
67%
Animal Chat
65%
Amour Coeur
65%
Espace Lune
65%
Ponctuation Point d'exclamation
65%
Ponctuation Point d'interrogation
65%
Animal Chien Jaune
59%
Neige Flocon
59%
Espace Soleil
59%
Jeu Dobble
57%
Animal Araignée
52%
Personnage Bonhomme
52%
Légume Carotte
49%
Canada Feuille rouge
46%
Pluie Goutte d'eau
43%
Plante Arbre
42%
En rapport avec la réponse précédente Toile d'araignée
42%
Feu Flamme
41%
Neige Igloo
39%
Panneau Sens interdit
38%
Mort Tête de mort
38%
Orage Eclair
36%
Aliment Fromage
35%
Animal Dragon
33%
Arme Bombe
32%
Plante Cactus
32%
Animal Dinosaure
32%
Nuit Fantome
32%
Corps Bouche
30%
Objet Clef
30%
Plante Fleur
30%
Animal Oiseau
30%
Feu Bougie
29%
Insecte Coccinelle
29%
Corps Œil violet
28%
Animal Zèbre
28%
Objet Cadenas
26%
Arme Cible
26%
Objet Ciseaux
26%
Objet Ciseaux
26%
Objet Crayon
26%
Objet Peinture verte
26%
Neige Bonhomme de neige
25%
Personnage Clown
25%
Objet Horloge
23%
Bateau Ancre
22%
Animal Dauphin
22%
Animal Tortue
20%
Jouet Petit cheval d'échec
17%
Musique Clef de sol
14%
Objet Marteau orange
14%
Objet Biberon
13%
Objet Ampoule
10%
Plante Trèfle à 4 feuilles
10%
Noir et blanc Yin et yang
10%
Objet Lunette de soleil
6%
Aucun quiz correspondant
Distribution des résultats
% des personnes avec chaque résultat
Percentile par nombre de réponses
Votre historique - résultats
Vous n’avez pas pris ce quiz